02607cam a22004095i 45000010009000000050017000090060019000260070015000450080041000600100017001010200018001180240035001360350032001710400027002030720015002300720018002450720023002630820012002861000031002982450145003292500018004742600032004923000064005244900040005885201170006286500015017986500036018136500026018496500023018756500015018986500026019137760110019397760036020497760036020857760036021218300040021572167803020241113150610.0m |o d | cr |||||||||||180616s2019 gw |||| o |||| 0|eng  a 2019745914 a97833199010157 a10.1007/978-3-319-90101-52doi a(DE-He213)978-3-319-90101-5 aDLCbengepnerdacDLC 7aJP2bicssc 7aJPx1D2thema 7aPOL0580002bisacsh04aB2 F9551 aZurnić, Marija.eauthor.10aCorruption and Democratic Transition in Eastern Europe :bThe Role of Political Scandals in Post-Milošević Serbia /cby Marija Zurnić. a1st ed. 2019. aLondonbProfile Booksc2014 a1 online resource (XI, 262 pages 2 illustrations in color.)1 aPolitical Corruption and Governance aThis book examines the relationship between corruption scandals and transitional processes in post-Milošević Serbia after 2000. The study challenges the view that corruption has always been understood as a conflict between private interests and the public good, as these concepts are defined in Western democracies, and explores how anti-corruption discourse has been used for political mobilisation. Through an examination of high-profile political scandals in Serbia, the author shows how the meaning of corruption changed over time. In the early 2000s, corruption focused on the legacy of Milošević's rule and was identified through the public's limited access to the privatisation process. By the end of the decade, conceptualisations of corruption in public debate were so diversified that each anti-corruption measure undertaken by the state was interpreted as an act of corruption by other voices in the discourse. The book will appeal to students and scholars interested in corruption studies, discourse analysis and Balkan politics. Marija Zurnić is an independent researcher in anti-corruption studies and discourse analysis in Southeast Europe. 0aDemocracy. 0aEurope-Politics and government. 0aPolitical leadership.14aEuropean Politics.24aDemocracy.24aPolitical Leadership.08iPrint version:tCorruption and democratic transition in Eastern Europe.z9783319901008w(DLC) 201894288008iPrinted edition:z978303007934508iPrinted edition:z978331990100808iPrinted edition:z9783319901022 0aPolitical Corruption and Governance